Statistics for Wine regions of Hungary

Click here to take the quiz!

General Stats

  • This quiz has been taken 13 times
  • The average score is 3 of 6

Answers on the Map

Answers color-coded by a green-red scale on the quiz's map according to % correct below.
 

Answer Stats

Answer% Correct
Tokaji
92%
Balaton
67%
Duna
42%
Felső-Magyarországi
33%
Felső-Pannon
33%
Pannon
33%

Score Distribution

Percentile by Number Answered

Percent of People with Each Score

Your Score History

You have not taken this quiz